<?xml version="1.0" encoding="UTF-8"?><?xml-stylesheet type="text/xsl" href="static/style.xsl"?><OAI-PMH xmlns="http://www.openarchives.org/OAI/2.0/" xmlns:xsi="http://www.w3.org/2001/XMLSchema-instance" xsi:schemaLocation="http://www.openarchives.org/OAI/2.0/ http://www.openarchives.org/OAI/2.0/OAI-PMH.xsd"><responseDate>2026-04-17T20:28:15Z</responseDate><request verb="GetRecord" identifier="oai:www.recercat.cat:20.500.12327/4176" metadataPrefix="marc">https://recercat.cat/oai/request</request><GetRecord><record><header><identifier>oai:recercat.cat:20.500.12327/4176</identifier><datestamp>2025-10-23T05:27:50Z</datestamp><setSpec>com_2072_4428</setSpec><setSpec>com_2072_4427</setSpec><setSpec>col_2072_487898</setSpec></header><metadata><record xmlns="http://www.loc.gov/MARC21/slim" xmlns:dcterms="http://purl.org/dc/terms/" xmlns:xsi="http://www.w3.org/2001/XMLSchema-instance" xmlns:doc="http://www.lyncode.com/xoai" xsi:schemaLocation="http://www.loc.gov/MARC21/slim http://www.loc.gov/standards/marcxml/schema/MARC21slim.xsd">
   <leader>00925njm 22002777a 4500</leader>
   <datafield ind2=" " ind1=" " tag="042">
      <subfield code="a">dc</subfield>
   </datafield>
   <datafield ind2=" " ind1=" " tag="720">
      <subfield code="a">Latorre-Moratalla, M. L.</subfield>
      <subfield code="e">author</subfield>
   </datafield>
   <datafield ind2=" " ind1=" " tag="720">
      <subfield code="a">Bover Cid, Sara</subfield>
      <subfield code="e">author</subfield>
   </datafield>
   <datafield ind2=" " ind1=" " tag="720">
      <subfield code="a">Aymerich Calvet, Mª Teresa</subfield>
      <subfield code="e">author</subfield>
   </datafield>
   <datafield ind2=" " ind1=" " tag="720">
      <subfield code="a">Marcos Muntal, Begonya</subfield>
      <subfield code="e">author</subfield>
   </datafield>
   <datafield ind2=" " ind1=" " tag="720">
      <subfield code="a">Vidal Carou, Ma. Carmen</subfield>
      <subfield code="e">author</subfield>
   </datafield>
   <datafield ind2=" " ind1=" " tag="720">
      <subfield code="a">Garriga Turón, Margarita</subfield>
      <subfield code="e">author</subfield>
   </datafield>
   <datafield ind2=" " ind1=" " tag="260">
      <subfield code="c">2007</subfield>
   </datafield>
   <datafield ind2=" " ind1=" " tag="520">
      <subfield code="a">The application of high hydrostatic pressure (200 MPa) to meat batter just before sausage fermentation and the inoculation of starter culture were studied to improve the safety and quality of traditional Spanish fermented sausages (fuet and chorizo). Higher amounts of biogenic amines were formed in chorizo than in fuet. Without interfering with the ripening performance in terms of acidification, drying and proteolysis, hydrostatic pressure prevented enterobacteria growth but did not affect Gram-positive bacteria significantly. Subsequently, a strong inhibition of diamine (putrescine and cadaverine) accumulation was observed, but that of tyramine was not affected. The inoculated decarboxylase-negative strains, selected from indigenous bacteria of traditional sausages, were resistant to the HHP treatment, being able to lead the fermentation process, prevent enterococci development and significantly reduce enterobacteria counts. In sausages manufactured with either non-pressurized or pressurized meat batter, starter culture was the most protective measure against the accumulation of tyramine and both diamines.</subfield>
   </datafield>
   <datafield ind1="8" ind2=" " tag="024">
      <subfield code="a">Latorre-Moratalla, M. L., et al. (2007) Aminogenesis control in fermented sausages manufactured with pressurized meat batter and starter culture. Meat Science 75(3):460–469</subfield>
   </datafield>
   <datafield ind1="8" ind2=" " tag="024">
      <subfield code="a">http://hdl.handle.net/20.500.12327/4176</subfield>
   </datafield>
   <datafield tag="653" ind2=" " ind1=" ">
      <subfield code="a">Embotits</subfield>
   </datafield>
   <datafield tag="653" ind2=" " ind1=" ">
      <subfield code="a">Amines biògenes</subfield>
   </datafield>
   <datafield ind2="0" ind1="0" tag="245">
      <subfield code="a">Aminogenesis control in fermented sausages manufactured with pressurized meat batter and starter culture</subfield>
   </datafield>
</record></metadata></record></GetRecord></OAI-PMH>